00508 2200205 4500001002100000005001500021035002000036007000300056008004100059020002200100082000800122084001400130100001600144245003600160250001100196260003400207300003300241650001700274990001100291INLIS00000000000140720180202023851 a0010-0218000002ta180202 d 0 ind  a978-979-22-6910-9 a813 a813 IFA c0 aIFA,Avianty1 aCurhat Anti Bete /cIfa Avianty acet. 1 aJakarta :bPT Gramedia,c2011 aviii,204 Hlm ;c13,5 x 20 cm aNOVEL REMAJA a13 866